[Event "Delft Prinsenstad op 11th"]
[Site "Delft"]
[Date "2018.04.01"]
[Round "5"]
[White "Hilwerda, Jonas"]
[Black "Tikranian, Alik"]
[Result "1-0"]
[WhiteElo "2111"]
[BlackElo "2258"]
[PlyCount "71"]
[EventDate "2018.03.30"]
[EventType "swiss"]
[EventRounds "6"]
[EventCountry "NED"]
[SourceTitle "CBM 183 Extra"]
[Source "ChessBase"]
[SourceDate "2018.04.19"]
[SourceVersion "1"]
[SourceVersionDate "2018.04.19"]
[SourceQuality "1"]

1. e4 e5 2. Nf3 Nc6 3. d4 exd4 4. Nxd4 Nf6 5. Nxc6 bxc6 6. Qe2 Bc5 7. e5 Nd5 8. c4 Nb6 9. Bf4 0-0 10. Nd2 a5 11. 0-0-0 d5 12. exd6 Bxd6 13. Qf3 Qf6 14. Bxd6 Qxd6 15. Bd3 Rd8 16. Nb3 Qh6+ 17. Qe3 Qxe3+ 18. fxe3 Bg4 19. Rd2 Be6 20. Rhd1 Kf8 21. Nd4 Bxc4 22. Bxc4 Nxc4 23. Ne6+ fxe6 24. Rxd8+ Rxd8 25. Rxd8+ Ke7 26. Rd3 a4 27. Rc3 Ne5 28. Kd2 Kd6 29. Ke2 c5 30. Ra3 Nc4 31. Rxa4 Nxb2 32. Rh4 c4 33. Kd2 h6 34. Kc2 Nd3 35. Rxc4 Ne1+ 36. Kd2 1-0

[Event "BEL-chT 1718"]
[Site "Belgium"]
[Date "2018.03.25"]
[Round "9.4"]
[White "De Rover, Yong Hoon"]
[Black "Tikranian, Alik"]
[Result "1/2-1/2"]
[WhiteElo "2401"]
[BlackElo "2242"]
[PlyCount "87"]
[EventDate "2017.09.24"]
[EventType "team-tourn"]
[EventRounds "11"]
[EventCountry "BEL"]
[SourceTitle "EXT 2019"]
[Source "ChessBase"]
[SourceDate "2018.10.10"]
[SourceVersion "1"]
[SourceVersionDate "2018.10.10"]
[SourceQuality "1"]
[WhiteTeam "Wachtebeke"]
[BlackTeam "Brasschaat"]
[WhiteTeamCountry "BEL"]
[BlackTeamCountry "BEL"]

1. e4 e5 2. Nf3 Nf6 3. Nxe5 d6 4. Nf3 Nxe4 5. d4 d5 6. Bd3 Bd6 7. 0-0 0-0 8. c4 c6 9. Nc3 Nxc3 10. bxc3 dxc4 11. Bxc4 Bg4 12. h3 Bh5 13. g4 Bg6 14. Ne5 Nd7 15. Nxg6 hxg6 16. Bb3 Qf6 17. Qd3 Rad8 18. g5 Qf5 19. Qxf5 gxf5 20. g6 f4 21. gxf7+ Rxf7 22. a4 Nb6 23. Bxf7+ Kxf7 24. a5 Nd5 25. Bd2 f3 26. Rfb1 Rh8 27. Rxb7+ Nc7 28. Rab1 Ke6 29. Rxc7 Bxc7 30. Rb7 Bxa5 31. Rxa7 Bd8 32. Rxg7 Rxh3 33. Bf4 Kf5 34. Bg3 Rh6 35. c4 Bf6 36. Rd7 Ke4 37. d5 cxd5 38. cxd5 Bh4 39. Bc7 Rg6+ 40. Kh2 Bxf2 41. Kh3 Bc5 42. Bg3 f2 43. Rf7 Kxd5 44. Bxf2 1/2-1/2

[Event "Vlissingen HZ op 21st"]
[Site "Vlissingen"]
[Date "2017.08.08"]
[Round "5"]
[White "Marzano, Carlo"]
[Black "Tikranian, Alik"]
[Result "1/2-1/2"]
[WhiteElo "2158"]
[BlackElo "2280"]
[PlyCount "128"]
[EventDate "2017.08.05"]
[EventType "swiss"]
[EventRounds "9"]
[EventCountry "NED"]
[SourceTitle "CBM 179 Extra"]
[Source "ChessBase"]
[SourceDate "2017.08.23"]
[SourceVersion "1"]
[SourceVersionDate "2017.08.23"]
[SourceQuality "1"]

1. d4 g6 2. c4 Bg7 3. Nc3 f5 4. g3 Nf6 5. Bg2 0-0 6. Nf3 d6 7. 0-0 c6 8. d5 c5 9. Qc2 Na6 10. a3 Nc7 11. b3 Rb8 12. Bb2 b5 13. Nd2 g5 14. e4 f4 15. Ne2 bxc4 16. Nxc4 Qe8 17. e5 Nfxd5 18. exd6 exd6 19. Bxg7 Kxg7 20. Nxd6 Qg6 21. Qxg6+ hxg6 22. Nxc8 f3 23. Bxf3 Rxf3 24. Nxa7 Rf6 25. a4 Re6 26. Nc1 Ra6 27. Nd3 Rxa7 28. Nxc5 Na6 29. Rac1 Nab4 30. Rfd1 Kh6 31. Rc4 Re7 32. h4 Rf8 33. hxg5+ Kxg5 34. Rd2 Kh6 35. Kg2 Rb8 36. Rdd4 g5 37. Ne4 Rb6 38. Kf3 Re5 39. a5 Rbe6 40. Nc5 Rf6+ 41. Kg2 Rc6 42. Nd3 Rxc4 43. bxc4 Nxd3 44. cxd5 Nc5 45. f4 gxf4 46. gxf4 Re2+ 47. Kf3 Ra2 48. d6 Nd7 49. Rd5 Kg6 50. Ke3 Kf7 51. f5 Ke8 52. Kd3 Nf6 53. Re5+ Kd7 54. Re7+ Kxd6 55. Re6+ Kd5 56. Rxf6 Rxa5 57. Re6 Ra3+ 58. Ke2 Rh3 59. Re7 Rh5 60. f6 Rf5 61. f7 Kd6 62. Ra7 Ke6 63. Ke3 Rxf7 64. Rxf7 Kxf7 1/2-1/2

[Event "BEL-ch op"]
[Site "Niel"]
[Date "2017.07.01"]
[Round "1"]
[White "Tikranian, Alik"]
[Black "Engelaer, Maurice"]
[Result "1-0"]
[WhiteElo "2261"]
[BlackElo "1968"]
[PlyCount "49"]
[EventDate "2017.07.01"]
[EventType "swiss"]
[EventRounds "9"]
[EventCountry "BEL"]
[SourceTitle "EXT 2018"]
[Source "ChessBase"]
[SourceDate "2017.10.13"]
[SourceVersion "1"]
[SourceVersionDate "2017.10.13"]
[SourceQuality "1"]

1. Nf3 Nf6 2. c4 g6 3. d4 c5 4. Nc3 cxd4 5. Nxd4 Nc6 6. e4 d6 7. Be2 Bg7 8. Be3 0-0 9. 0-0 Bd7 10. Nc2 Rc8 11. Rc1 Qc7 12. f4 Rfd8 13. Kh1 Qb8 14. Qd2 b6 15. h3 Qb7 16. Bf3 Ne8 17. b4 e5 18. Nd5 Kf8 19. f5 gxf5 20. exf5 Bxf5 21. Bg5 f6 22. b5 Ne7 23. Nxf6 d5 24. Nxd5 Rxd5 25. Bxe7+ 1-0

[Event "Brasschaat op 16th"]
[Site "Brasschaat"]
[Date "2016.08.28"]
[Round "9"]
[White "Tikranian, Alik"]
[Black "Dgebuadze, Alexandre"]
[Result "1/2-1/2"]
[WhiteElo "2120"]
[BlackElo "2498"]
[PlyCount "37"]
[EventDate "2016.08.20"]
[EventType "swiss"]
[EventRounds "9"]
[EventCountry "BEL"]
[SourceTitle "CBM 174 Extra"]
[Source "ChessBase"]
[SourceDate "2016.10.10"]
[SourceVersion "1"]
[SourceVersionDate "2016.10.10"]
[SourceQuality "1"]

1. e4 e6 2. d4 d5 3. Nc3 Bb4 4. a3 Bxc3+ 5. bxc3 Ne7 6. e5 c5 7. Qg4 0-0 8. Bd3 Nbc6 9. Qh5 Ng6 10. Ne2 Qa5 11. 0-0 Qa4 12. dxc5 Ncxe5 13. f4 Nxd3 14. cxd3 Qc2 15. Be3 Qxd3 16. Bd4 Qf5 17. Qf3 e5 18. fxe5 Qxf3 19. Rxf3 1/2-1/2

[Event "Vlissingen HZ op 20th"]
[Site "Vlissingen"]
[Date "2016.08.12"]
[Round "8"]
[White "Lammens, Tim"]
[Black "Tikranian, Alik"]
[Result "1-0"]
[WhiteElo "2305"]
[BlackElo "2120"]
[PlyCount "137"]
[EventDate "2016.08.06"]
[EventType "swiss"]
[EventRounds "9"]
[EventCountry "NED"]
[SourceTitle "CBM 173 Extra"]
[Source "ChessBase"]
[SourceDate "2016.08.29"]
[SourceVersion "1"]
[SourceVersionDate "2016.08.29"]
[SourceQuality "1"]

1. Nf3 Nf6 2. g3 b6 3. Bg2 Bb7 4. 0-0 e6 5. c4 c5 6. Nc3 Be7 7. b3 0-0 8. Bb2 d6 9. d3 Nbd7 10. e4 a6 11. Ne1 Qc7 12. f4 Rad8 13. Nc2 Nb8 14. g4 Nc6 15. g5 Ne8 16. Qh5 f6 17. Bh3 Bc8 18. g6 h6 19. f5 Nb4 20. Ne3 d5 21. fxe6 dxe4 22. Ncd5 Nxd5 23. Nxd5 Rxd5 24. Qxd5 Nd6 25. dxe4 Bb7 26. Qh5 Bxe4 27. Bg2 Bxg2 28. Kxg2 b5 29. Qf3 bxc4 30. bxc4 Nxc4 31. Bc3 Qc8 32. Rfe1 Ne5 33. Qe4 Qxe6 34. Rad1 Qxa2+ 35. Rd2 Qb3 36. Re3 Qb5 37. Rb2 Qe8 38. Rb7 Qxg6+ 39. Qxg6 Nxg6 40. Rexe7 Nxe7 41. Rxe7 Rf7 42. Re6 Rd7 43. Rxa6 Rd3 44. Be1 Rd5 45. Rc6 Kh7 46. Bf2 Rg5+ 47. Bg3 Rd5 48. Kf3 Kg6 49. Rc7 Rd3+ 50. Ke2 Rd5 51. Ke3 Kh7 52. Ke4 Rh5 53. Bd6 Kg8 54. Rxc5 Rxc5 55. Bxc5 Kf7 56. Kd5 g5 57. Bb6 h5 58. Bc5 Kg6 59. Ke6 h4 60. Bf2 f5 61. Ke5 f4 62. Be1 Kh5 63. Kf5 h3 64. Bf2 Kh6 65. Kg4 Kg6 66. Bd4 Kh6 67. Bf6 Kg6 68. Bxg5 f3 69. Be3 1-0

[Event "Utrecht OKU op 43rd"]
[Site "Utrecht"]
[Date "2016.06.04"]
[Round "4"]
[White "Tikranian, Alik"]
[Black "Horvath, Csaba"]
[Result "1/2-1/2"]
[WhiteElo "2120"]
[BlackElo "2522"]
[PlyCount "56"]
[EventDate "2016.06.03"]
[EventType "swiss"]
[EventRounds "6"]
[EventCountry "NED"]
[SourceTitle "CBM 172 Extra"]
[Source "ChessBase"]
[SourceDate "2016.06.21"]
[SourceVersion "1"]
[SourceVersionDate "2016.06.21"]
[SourceQuality "1"]

1. Nf3 Nf6 2. c4 b6 3. g3 Bb7 4. Bg2 e6 5. b3 Be7 6. 0-0 0-0 7. Bb2 c5 8. Nc3 d6 9. d4 cxd4 10. Nxd4 Bxg2 11. Kxg2 Qc7 12. e4 Qb7 13. Qe2 Nbd7 14. Rad1 a6 15. Rfe1 Rfe8 16. h3 Bf8 17. Kh2 g6 18. Nc2 Rac8 19. f4 b5 20. e5 dxe5 21. fxe5 Nh5 22. g4 Ng7 23. Ne4 Red8 24. cxb5 Qxb5 25. Rxd7 Rxd7 26. Nf6+ Kh8 27. Nxd7 Qxd7 28. Ne3 Rc6 1/2-1/2

[Event "Leiden Noteboom Memorial 75th"]
[Site "Leiden"]
[Date "2015.02.14"]
[Round "4"]
[White "Perez Garcia, Hebert"]
[Black "Tikranian, Alik"]
[Result "0-1"]
[WhiteElo "2181"]
[BlackElo "2157"]
[PlyCount "100"]
[EventDate "2015.02.13"]
[EventType "swiss"]
[EventRounds "6"]
[EventCountry "NED"]
[SourceTitle "CBM 164 Extra"]
[Source "ChessBase"]
[SourceDate "2015.03.02"]
[SourceVersion "1"]
[SourceVersionDate "2015.03.02"]
[SourceQuality "1"]

1. Nf3 Nf6 2. c4 c5 3. g3 g6 4. b3 Bg7 5. Bb2 b6 6. Bg2 Bb7 7. 0-0 0-0 8. Nc3 Nc6 9. e3 d5 10. Nxd5 Nxd5 11. Bxg7 Kxg7 12. cxd5 Qxd5 13. d4 Rfd8 14. Rc1 Qf5 15. Qe1 Ba6 16. d5 Bxf1 17. Qxf1 Nb4 18. Rc4 Qc8 19. Qa1+ Kg8 20. e4 e6 21. Bh3 Nxd5 22. exd5 Rxd5 23. Ne5 Qd8 24. Rc1 Rc8 25. Ng4 Rd4 26. Ne3 Qg5 27. Bg2 Rcd8 28. h4 Qh5 29. Qc3 Qe2 30. Rc2 Rd2 31. Rxd2 Rxd2 32. Qf6 Rxa2 33. Bc6 Qe1+ 34. Nf1 Qa1 35. Qf4 Qd4 36. Qf3 Kg7 37. h5 Qe5 38. h6+ Kxh6 39. Qxf7 Qf5 40. Qxf5 exf5 41. Bb5 a6 42. Bc6 Rb2 43. Bd5 b5 44. Ne3 a5 45. Kg2 Kg5 46. Kf3 a4 47. bxa4 bxa4 48. Nc4 Rb3+ 49. Ke2 a3 50. Nd2 Rb2 0-1